Kam kráčaš, slovenský zahraničný obchod?
Smerovanie zahraničného obchodu na Slovensku. Export do štátov EÚ a CEFTA. Dovoz, vymerané clo a dane z pridanej hodnoty v SR za rok 1995. Príčina zmien v dynamike slovenského zahraničného obchodu. Zvýšenie cien ropy ovplyvnilo pasívne saldo. Rada vlády na podporu exportu. Riešenie nevyrovnanej obch...
Enregistré dans:
| Auteur principal: | |
|---|---|
| Format: | Chapitre de livre |
| Langue: | slovaque |
| Sujets: | |
| Tags: |
Pas de tags, Soyez le premier à ajouter un tag!
|
MARC
| LEADER | 00000naa a2200000 4500 | ||
|---|---|---|---|
| 001 | r021195 | ||
| 005 | 20251104124021.8 | ||
| 041 | 0 | |a slo | |
| 044 | |a SK | ||
| 245 | 1 | 0 | |a Kam kráčaš, slovenský zahraničný obchod? |c Štefan Burda |
| 520 | |a Smerovanie zahraničného obchodu na Slovensku. Export do štátov EÚ a CEFTA. Dovoz, vymerané clo a dane z pridanej hodnoty v SR za rok 1995. Príčina zmien v dynamike slovenského zahraničného obchodu. Zvýšenie cien ropy ovplyvnilo pasívne saldo. Rada vlády na podporu exportu. Riešenie nevyrovnanej obchodnej bilancie. Oslobodenie od cla pri dovoze. Zahraničný obchod SR podľa teritórií (EÚ - z toho SRN a Rakúsko, CEFTA - z toho ČR, Rusko). Štruktúra zahraničného obchodu SR podľa nomenklatúry SITC. Vývoj salda ZO bilancie SR. Rozšírenie obchodu v rámci CEFTA. | ||
| 610 | 2 | 0 | |a obchod zahraničný |
| 610 | 2 | 0 | |a Slovensko |
| 610 | 2 | 0 | |a vývoz |
| 610 | 2 | 0 | |a Európska únia |
| 610 | 2 | 0 | |a Nemecko |
| 610 | 2 | 0 | |a Rakúsko |
| 610 | 2 | 0 | |a CEFTA |
| 610 | 2 | 0 | |a Česko |
| 610 | 2 | 0 | |a Rusko |
| 610 | 2 | 0 | |a dovoz |
| 610 | 2 | 0 | |a clá |
| 610 | 2 | 0 | |a dane z hodnoty pridanej |
| 610 | 2 | 0 | |a ropa |
| 610 | 2 | 0 | |a ceny |
| 610 | 2 | 0 | |a bilancia obchodná |
| 100 | 1 | |a Burda, Štefan | |